000 02754nam a2200349Ia 4500
001 9780203814093
003 BD-DhSAU
005 20151012151722.0
006 a|||||s|||||||||||
007 cr||||
008 110531s2010 ii abd sb 001 0 eng d
020 _a9780203814093 (e-book : PDF)
040 _aBD-DhSAU
_cBD-DhSAU
043 _aa------
090 _aHN652.5
_b.S63 2010
092 _a306.095
_bS678
245 0 0 _aSocial protection as development policy
_h[electronic resource] :
_bAsian perspectives /
_ceditors, Sarah Cook and Naila Kabeer.
260 _aNew Delhi [India] :
_bRoutledge,
_c2010.
300 _axxiv, 371 p. :
_bill., map.
504 _aIncludes bibliographical references and index.
505 0 _ach. 1. Introduction : exclusions, deficits and trajectories / Sarah Cook and Naila Kabeer -- ch. 2. Shock-induced poverty in urban China / Meiyan Wang -- ch. 3. Social protection and the economic well-being of families with dependent children in urban China / Xiulan Zhang and Yuebrin Xu -- ch. 4. Gender, work and security in urban China : the reconstruction of identity as laid-off worker / Sarah Cook and Susan Jolly -- ch. 5. Social protection and market reforms in Vietnam / Robert L. Bach and Le Bach Duong -- ch. 6. Social security for rural migrant workers in China : current coverage, institutional design and policy suggestions / Dewen Wang, Yongtang Ma and Changyou Zhu -- ch. 7. Reading the signposts : social protection for home-based women workers in South Asia / Ratna M. Sudarshan -- ch. 8. Approaching basic and economic security for informal workers through national and local initiatives : case studies of home-based workers in South East Asia / Donna L. Doane -- ch. 9. Women's vulnerability, risk and social protection : an exploration of links between property ownership and domestic violence in South Asia / Nandita Bhatla, Nata Duvvury and Swati Chakraborty -- ch. 10. Food security at the local level : a study in contrast between Kerala and Orissa in India / K.P. Kannan and N. Vijayamohanan Pillai -- ch. 11. Targeting in social protection programmes : the experience of Indonesia / Asep Suryahadi ... [et al.] -- ch. 12. Crafting a graduation pathway for the ultra poor : lessons and evidence from a BRAC programme in Bangladesh / Imran Matin, Munshi Sulaiman and Mehnaz Rabbani.
530 _aAlso available in print edition.
538 _aMode of access: World Wide Web.
650 0 _aEconomic development
_zAsia.
651 0 _aAsia
_xSocial policy.
655 7 _aElectronic books.
_2lcsh
700 1 _aCook, Sarah,
_d1961-
700 1 _aKabeer, Naila.
776 1 _z0415585732
776 1 _z9780415585736
856 4 0 _uhttp://www.tandfebooks.com/isbn/9780203814093
999 _c12960
_d12959